000 00600nam a2200241Ia 4500
003 OSt
005 20230427094908.0
008 210423s2009 xx 000 0 und d
020 _a9780333778210
040 _cAL
041 _aeng
082 _a338.5
_223
_b KOUA
100 _aKOUTSOYIANNIS (A)
_982553
245 _aModern microeconomics
250 _a2
260 _aNew Delhi
_bOxford University Press
_c2009
300 _axvii,581
_bPB
365 _b295
_cINR
650 _aEconomics
_982554
650 _aMicroeconomics
_982555
906 _amicroeconomics ; Modern
942 _2ddc
_cBK
999 _c156865
_d156865